书目信息 |
| 题名: |
企业管理研究方法
|
|
| 作者: | 库珀 , 辛德勒 著 ;孙健敏 , 李原 译 | |
| 分册: | ||
| 出版信息: | 北京 中国人民大学出版社 2013 |
|
| 页数: | 655页 | |
| 开本: | 26cm | |
| 丛书名: | 工商管理经典译丛 | |
| 单 册: | ||
| 中图分类: | F272.5 | |
| 科图分类: | ||
| 主题词: | 企业管理--研究方法 | |
| 电子资源: | ||
| ISBN: | 978-7-300-17645-1 | |
| 000 | 01224oam2 2200337 450 | |
| 001 | 351635 | |
| 005 | 20161017105654.11 | |
| 010 | @a978-7-300-17645-1@dCNY79.00 | |
| 100 | @a20130724d2013 em y0chiy50 ea | |
| 101 | 1 | @achi@ceng |
| 102 | @aCN@b110000 | |
| 105 | @ay z 000yy | |
| 106 | @ar | |
| 200 | 1 | @a企业管理研究方法@dBusiness research methods@f(美)唐纳德·库珀(Donald R. Cooper),(美)帕梅拉·欣德勒(Pamela S. Schindler)著@g孙健敏,李原等译@zeng |
| 210 | @a北京@c中国人民大学出版社@d2013 | |
| 215 | @a655页@d26cm | |
| 225 | 2 | @a工商管理经典译丛 |
| 305 | @a据原书第10版译出 | |
| 306 | @a与麦格劳-希尔(亚洲)教育出版公司合作出版 | |
| 330 | @a本书全面系统地介绍了企业管理研究的一般步骤和各种方法。全书分为四篇,包括企业管理研究概论、研究设计、数据的来源和收藏、数据分析与展示。 | |
| 461 | 0 | @12001 @a工商管理经典译丛 |
| 500 | 10 | @a企业研究方法 |
| 510 | 1 | @aBusiness research methods@zeng |
| 606 | 0 | @a企业管理@x研究方法 |
| 690 | @aF272.5@v5 | |
| 701 | 0 | @c(美)@a库珀@c(Cooper, Donald R.)@4著 |
| 701 | 0 | @c(美)@a辛德勒@c(Schindler, Pamela S.)@4著 |
| 702 | 0 | @a孙健敏@f(1961~)@4译 |
| 702 | 0 | @a李原@c(女,@f1969~)@4译 |
| 801 | 0 | @aCN@bTANGWEI@c20160820 |
| 905 | @b0895714-7@dF272.5@e1317@f4 | |
| 企业管理研究方法=Business research methods/(美)唐纳德·库珀(Donald R. Cooper),(美)帕梅拉·欣德勒(Pamela S. Schindler)著/孙健敏,李原等译.-北京:中国人民大学出版社,2013 |
| 655页;26cm.-(工商管理经典译丛) |
| ISBN 978-7-300-17645-1:CNY79.00 |
| 本书全面系统地介绍了企业管理研究的一般步骤和各种方法。全书分为四篇,包括企业管理研究概论、研究设计、数据的来源和收藏、数据分析与展示。 |
| ● |
| 相关链接 |
|
|
|
|
正题名:企业管理研究方法
索取号:F272.5/1317
 
预约/预借
| 序号 | 登录号 | 条形码 | 馆藏地/架位号 | 状态 | 备注 |
| 1 | 0895714 | 208957146 | 第一样本阅览室/ [索取号:F272.5/1317] | 在馆 | |
| 2 | 0895715 | 208957155 | 密集书库-海洋学院/ [索取号:F272.5/1317] | 在馆 | |
| 3 | 0895716 | 208957164 | 第一借阅区/ [索取号:F272.5/1317] | 在馆 | |
| 4 | 0895717 | 208957173 | 第一借阅区/ [索取号:F272.5/1317] | 在馆 |